000 01179nam a2200217Ia 4500
999 _c34795
_d34795
001 605
003 GE_BSU
005 20220914110840.0
008 181216s2008||||ge |||||||||||||| ||geo||
020 _a9789941404054
040 _cGE_BSU
041 _ageo
080 _a376.3 ი-60
245 _aინკლუზიური განათლების პრინციპები /
_cთამარ გაგოშიძე, თინათინ ჭინჭარაული, ქეთევან ფილაური, მაია ბაგრატიონი ; [მასალა მოამზადეს: შორენა მამუკაძემ და სხვ. ; რედ. მ. ხელაშვილი].
264 _aთბილისი :
_bნეკერი,
_c2008.
300 _a188 გვ.;
_b 20 სმ.
653 _aინკლუზიური განათლება
653 _aშეზღუდული შესაძლებლობების მქონე პირთა განათლება
700 _aგაგოშიძე, თამარ
_eავტორი
_914597
942 _cBK
_2udc